Medzinárodný finančný manažment zbierka príkladov

Bibliographic Details
Main Authors: Polednáková, Anna, 1957- (Author), Bikár, Miloš, 1973- (Author), Kmeťko, Miroslav, 1969- (Author)
Format: Book
Language:Slovak
PhysicalDescription:80 s. 24 cm
Published: Bratislava Iura edition 2011
ISBN:9788080784201
Edition:2. preprac. a dopl. vyd.
Series:Ekonómia
Subjects:

MARC

LEADER 00000nam a2200000za 4500
001 vtls010322891
003 SK-MaSNL
005 20260302012001.0
008 251029s2011 xo dl r 000 slo
015 |a SNBA2012/02-00775 
020 |a 9788080784201  |q (brož.) 
035 |a 4FEDA88B-5DE3-40C4-B62B-E782193A3CBD 
035 |a urn:nbn:sk:snk-amjj02 
035 |a urn:nbn:sk:snk-am000y4g 
040 |a SNK  |b slo  |c SNK  |e AACR2 
041 0 |a slo 
044 |a xo  |c SK 
072 7 |a 658  |x Riadenie a správa podniku  |2 konspekt 
080 |a 658.14/.17  |2 2001 
080 |a (075.8)  |2 2001 
080 |a (076.1/.3)  |2 2001 
100 1 |a Polednáková, Anna,  |d 1957-  |4 aut  |9 217105 
245 1 0 |a Medzinárodný finančný manažment  |b zbierka príkladov  |c Anna Polednáková a kolektív 
250 |a 2. preprac. a dopl. vyd. 
260 |a Bratislava  |b Iura edition  |c 2011 
300 |a 80 s.  |c 24 cm 
490 1 |a Ekonómia  |v 398. 
650 0 7 |a finančný manažment  |2 SNKPH  |9 928 
650 0 7 |a Financial management  |2 SNKPHeng  |9 268527 
655 7 |a učebnice vysokých škôl  |2 SNKPH  |9 70191 
655 7 |a zbierky úloh  |2 SNKPH  |9 70562 
655 7 |a Examinations, questions etc.  |2 SNKPHeng  |9 286217 
655 7 |a Textbooks (higher)  |2 SNKPHeng  |9 276436 
700 1 |a Bikár, Miloš,  |d 1973-  |4 aut  |9 194098 
700 1 |a Kmeťko, Miroslav,  |d 1969-  |4 aut  |9 194099 
830 0 |a Ekonómia  |9 290125 
852 |a Štátna vedecká knižnica v Banskej Bystrici 
919 |a 978-8-8078-420-1 
968 |d 65 
999 |c 1008024  |d 1009954 
952 |a SNK  |b SNK  |y PREZ  |7 0  |p 17A0787408  |o snkSC 147339  |i snk2011/23443  |8 0  |0 0  |1 0  |4 0  |d 2011-11-25  |l 0  |r 2025-07-16 00:00:00  |w 2026-02-24 
952 |a SNK  |b SNK  |y VYP  |7 0  |p 17A0787409  |o snkSC 147339 D1  |i snk2011/23444  |8 0  |0 0  |1 0  |4 0  |d 2011-11-25  |f 1  |l 0  |r 2026-02-24 12:42:08  |w 2026-02-24